000
00291nam a22001217a 4500
041
_a
ENG
100
_a
Arora. D
245
_a
Biotech's Dictionary Agriculture Engineering
260
_a
Delhi
_b
Biotech Books
_c
2005
300
_a
328
650
_a
Competitive Exam
856
_u
Competitive Exam
999
_c
699
_d
699